| 000 | 01310nab a22002537a 4500 | ||
|---|---|---|---|
| 999 |
_c5608 _d5608 |
||
| 003 | OSt | ||
| 005 | 20251222111157.0 | ||
| 008 | 190429b xxu||||| |||| 00| 0 spa d | ||
| 040 | _cPJ | ||
| 100 |
_96583 _aDiez Galarza, Paloma |
||
| 245 | 1 | 0 |
_aDeber de juzgar con perspectiva de géneros. Problemas de la aplicación automática del precedente Góngora / _cPaloma Diez Galarza. |
| 260 |
_cCiudad Autónoma de Buenos Aires : _aThomson Reuters La Ley, _b2025. |
||
| 300 | _ap. 49-52 | ||
| 500 | _aCita: TR LALEY AR/DOC/1629/2025. | ||
| 505 | _aSumario: I. Introducción.— II. Hechos del caso.— III. La víctima de violencia de género como parte del proceso.— IV. Conclusión. | ||
| 505 |
_tSi te interesa el texto completo, solicitalo a koha@justierradelfuego.gov.ar _aFallo comentado: TCasación Penal, Buenos Aires, sala V ~ 20/02/2025 ~ V., J. C. s/ recurso de queja interpuesto por fiscal. |
||
| 650 | 0 |
_9343 _aDERECHO PENAL |
|
| 650 | 0 |
_92837 _aSUSPENSIÓN DEL JUCIO A PRUEBA |
|
| 650 | 0 |
_94044 _aPERSPECTIVA DE GÉNERO |
|
| 650 | 0 |
_93053 _aVIOLENCIA DE GÉNERO |
|
| 650 | 0 |
_94885 _aDERECHOS DE LA VÍCTIMA |
|
| 773 | 0 |
_02658 _93164 _tRevista de derecho penal y criminología. Nº 7 - Agosto 2025 _dCiudad Autónoma de Buenos Aires : Thomson Reuters La Ley, 2017- _x00347914 |
|
| 942 |
_2udc _cANA |
||